| 000 | 00383nam a22001577a 4500 | ||
|---|---|---|---|
| 005 | 20250915154814.0 | ||
| 008 | 250915b |||||||| |||| 00| 0 eng d | ||
| 020 | _a978-1-118-12856-5 | ||
| 050 | _aQA 39.3.V68 2010 | ||
| 100 | _aYOUNG CYNTHIA | ||
| 245 | _aPRECALCULUS | ||
| 260 |
_aNEWYORK _bWILEY AND SONS |
||
| 300 | _a1248 | ||
| 500 | _aINCLUDES AN INDEX | ||
| 942 |
_2lcc _cBK |
||
| 999 |
_c216091 _d216091 |
||